|
|
|
|
| LEADER |
01915nam a22004455i 4500 |
| 001 |
978-3-540-34267-0 |
| 003 |
DE-He213 |
| 005 |
20151204165234.0 |
| 007 |
cr nn 008mamaa |
| 008 |
100806s2006 gw | s |||| 0|eng d |
| 020 |
|
|
|a 9783540342670
|9 978-3-540-34267-0
|
| 024 |
7 |
|
|a 10.1007/11495147
|2 doi
|
| 040 |
|
|
|d GrThAP
|
| 050 |
|
4 |
|a QD146-197
|
| 072 |
|
7 |
|a PNK
|2 bicssc
|
| 072 |
|
7 |
|a SCI013030
|2 bisacsh
|
| 082 |
0 |
4 |
|a 546
|2 23
|
| 245 |
1 |
0 |
|a Recent Developments in Mercury Science
|h [electronic resource] /
|c edited by David A. Atwood.
|
| 264 |
|
1 |
|a Berlin, Heidelberg :
|b Springer Berlin Heidelberg,
|c 2006.
|
| 300 |
|
|
|a XVI, 193 p.
|b online resource.
|
| 336 |
|
|
|a text
|b txt
|2 rdacontent
|
| 337 |
|
|
|a computer
|b c
|2 rdamedia
|
| 338 |
|
|
|a online resource
|b cr
|2 rdacarrier
|
| 347 |
|
|
|a text file
|b PDF
|2 rda
|
| 490 |
1 |
|
|a Structure and Bonding,
|x 0081-5993 ;
|v 120
|
| 505 |
0 |
|
|a J.C. Andrews: Mercury Speciation in the Environment Using X-Ray Absorption Spectroscopy -- H. Zhang: Photochemical Redox Reactions of Mercury -- D.C. Bebout, S.M. Berry: Probing Mercury Complex Speciation with Multinuclear NMR -- G.J. Grant: Mercury(II) Complexes with Thiacrowns and Related Macrocyclic Ligands -- D. Rabinovich: Poly(mercaptoimidazolyl)borate Complexes of Cadmium and Mercury -- D.A. Atwood, M.K. Zaman: Mercury Removal from Water.
|
| 650 |
|
0 |
|a Chemistry.
|
| 650 |
|
0 |
|a Analytical chemistry.
|
| 650 |
|
0 |
|a Inorganic chemistry.
|
| 650 |
1 |
4 |
|a Chemistry.
|
| 650 |
2 |
4 |
|a Inorganic Chemistry.
|
| 650 |
2 |
4 |
|a Analytical Chemistry.
|
| 700 |
1 |
|
|a Atwood, David A.
|e editor.
|
| 710 |
2 |
|
|a SpringerLink (Online service)
|
| 773 |
0 |
|
|t Springer eBooks
|
| 776 |
0 |
8 |
|i Printed edition:
|z 9783540312543
|
| 830 |
|
0 |
|a Structure and Bonding,
|x 0081-5993 ;
|v 120
|
| 856 |
4 |
0 |
|u http://dx.doi.org/10.1007/11495147
|z Full Text via HEAL-Link
|
| 912 |
|
|
|a ZDB-2-CMS
|
| 950 |
|
|
|a Chemistry and Materials Science (Springer-11644)
|